a Ideia Construida (Record no. 2356)

MARC details
000 -Etiqueta do registo
Campo de controlo de comprimento fixo 00332 a2200145 4500
020 ## - ISBN (NÚMERO DE LIVRO PADRÃO INTERNACIONAL)
ISBN 972-8801-22-x
040 ## - Fonte de Catalogação
Agência de catalogação Biblioteca Geral- Universidade Lusíada de Angola
082 ## - DEWEY DECIMAL CLASSIFICATION NUMBER
Número de classificação 72
Classificador- CDU 72
100 ## - Nome Pessoal
9 (RLIN) 1184
Autor BAEZA,Alberto ,Campo
245 ## - Declaração de Título
Título a Ideia Construida
260 ## - Publicação e Destribuíção
Local de edição/distribuição Casal cambra,
Editor/distribuidor caleidoscopio
Data de edição/distribuição 2000.
300 ## - Descrição Física
Nº Pág. 119p
650 ## - MATERIA
MATERIA ARQUITETURA
942 ## - - Elementos de entrada adicionados (koha)
Tipo de documento Livros
Holdings
Withdrawn status Lost status Source of classification or shelving scheme Damaged status Not for loan Permanent Location Current Location Date acquired Inventory number Total Checkouts Full call number Barcode Date last seen Price effective from Koha item type
    Dewey Decimal Classification     Biblioteca Geral- Universidade Lusíada de Angola Biblioteca Geral- Universidade Lusíada de Angola 25/06/2026 14(1)   72 2026-0213 25/06/2026 25/06/2026 Livros